000 00266nam a2200109Ia 4500
001 1287432
005 20260417164416.0
008 260417s9999 xx 000 0 und d
020 _a9786255726063
245 0 _aSherlock Holmes 16 - Son Vaka
260 _bDokuz Çocuk
999 _c1287432
_d1287432